5HLuxD.jpg

KING HENRY VIII SENIOR AND PRIMARY SCHOOL LIBRARY OPAC

Bedtime stories for girls / (Record no. 2131)

000 -LEADER
fixed length control field 00892nam a2200301 i 4500
001 - CONTROL NUMBER
control field 016942961
003 - CONTROL NUMBER IDENTIFIER
control field Uk
005 - DATE AND TIME OF LATEST TRANSACTION
control field 20230310104616.0
008 - FIXED-LENGTH DATA ELEMENTS--GENERAL INFORMATION
fixed length control field 141113s2014 enka j 0|0 1|eng
015 ## - NATIONAL BIBLIOGRAPHY NUMBER
National bibliography number GBB600025
Source bnb
016 7# - NATIONAL BIBLIOGRAPHIC AGENCY CONTROL NUMBER
Record control number 016942961
Source Uk
020 ## - INTERNATIONAL STANDARD BOOK NUMBER
International Standard Book Number 9781783433650
040 ## - CATALOGING SOURCE
Original cataloging agency Uk
Language of cataloging eng
Transcribing agency Uk
Description conventions rda
Modifying agency KH8
042 ## - AUTHENTICATION CODE
Authentication code ukblsr
082 04 - DEWEY DECIMAL CLASSIFICATION NUMBER
Classification number 823.92 COX
Edition number 23
100 1# - MAIN ENTRY--PERSONAL NAME
Personal name Cox, Jenny,
Relator term author.
245 10 - TITLE STATEMENT
Title Bedtime stories for girls /
Statement of responsibility, etc. written by Jenny Cox ; illustrated by Rachel Baines.
264 #1 - PRODUCTION, PUBLICATION, DISTRIBUTION, MANUFACTURE, AND COPYRIGHT NOTICE
Place of production, publication, distribution, manufacture Sywell :
Name of producer, publisher, distributor, manufacturer Igloo Books,
Date of production, publication, distribution, manufacture, or copyright notice 2014.
300 ## - PHYSICAL DESCRIPTION
Extent 96 pages :
Other physical details illustrations (colour) ;
Dimensions 26 cm
336 ## - CONTENT TYPE
Content type term text
Source rdacontent
336 ## - CONTENT TYPE
Content type term still image
Source rdacontent
337 ## - MEDIA TYPE
Media type term unmediated
Source rdamedia
338 ## - CARRIER TYPE
Carrier type term volume
Source rdacarrier
500 ## - GENERAL NOTE
General note Publisher's no.: SHE001 0714.
650 ## - SUBJECT ADDED ENTRY--TOPICAL TERM
Topical term or geographic name entry element children's story
700 1# - ADDED ENTRY--PERSONAL NAME
Personal name Baines, Rachel,
Relator term illustrator.
942 ## - ADDED ENTRY ELEMENTS (KOHA)
Source of classification or shelving scheme
Koha item type Books - Non Ficton
Holdings
Withdrawn status Lost status Source of classification or shelving scheme Damaged status Not for loan Collection code Permanent Location Current Location Shelving location Date acquired Total Checkouts Full call number Barcode Date due Date last seen Date last checked out Price effective from Koha item type
          Non-Fiction KH8 Primary School Library KH8 Primary School Library Non Fiction 2023-03-10 2 823.92 COX KHPL000003867 2023-04-05 2023-03-27 2023-03-27 2023-03-10 Books - Non Ficton

Powered By KH8 IT Dept